000 00491nam a2200157Ia 4500
003 SGT
020 _a9788120329904
082 _a660.28423
_bDUT
100 _aDutta,Binay K
245 _aPrinciples of mass transfer and separation processes
260 _bPHI Learning Private Limited
_aNew Delhi
_c2009
300 _a947p.
650 _aMECHANICAL INGINEERING
653 _aINTRODUCTION ,MOLECULAR DIFFUSION,INTER PHASE MASS TRANSFER,DISTILLATION,LIQUID-LIQUID EXTRACTION
942 _2ddc
_cBK
999 _c5085
_d5085